| 000 | 00617nam a2200181 i 4500 | ||
|---|---|---|---|
| 001 | 160630 | ||
| 003 | ES-MaACL | ||
| 005 | 20250724075056.0 | ||
| 008 | 040930s1897 cl |||| | spa d | ||
| 100 | 1 |
_aNewman, K. _9130452 |
|
| 245 | 1 | 3 |
_aLa unifikazion de las medidas / _cpor K. Newman. |
| 260 |
_aBalparaiso : _bKárlos Kabezon, Editor, _c1897. |
||
| 300 |
_a61 p. ; _c17 cm. |
||
| 594 | _aSe ha respetado la ortografía original. | ||
| 650 | 7 |
_aPesos y medidas _2embne _9136691 |
|
| 852 |
_aES-MaACL _jT-880-F-6 _z- Enc. hol., conservando cub. original _z- Enc. en un vol. facticio |
||
| 999 |
_c160630 _d160630 |
||